PGF II S.A, PGF II (LIME) S.A v Royal & Sun Alliance Insurance Plc, London & Edinburgh Insurance Company Limited (Record no. 113084)

MARC details
000 -LEADER
fixed length control field 01498cad a22002295a 4500
001 - CONTROL NUMBER
control field L154648
008 - FIXED-LENGTH DATA ELEMENTS--GENERAL INFORMATION
fixed length control field 120109e20100713xxk f 000 0 eng d
035 ## - SYSTEM CONTROL NUMBER
System control number (Sirsi) u154648
041 0# - LANGUAGE CODE
Language code of text/sound track or separate title eng
245 00 - TITLE STATEMENT
Title PGF II S.A, PGF II (LIME) S.A v Royal & Sun Alliance Insurance Plc, London & Edinburgh Insurance Company Limited
Medium [electronic resource]
260 ## - PUBLICATION, DISTRIBUTION, ETC.
Date of publication, distribution, etc. 2010
520 ## - SUMMARY, ETC.
Summary, etc. [2010] EWHC 1459 (TCC), 13 July 2010. Concerns the recovery of repair costs and consequential losses by the landlord of an office block left in disrepair. Claimant P was the landlord of an office block, of which the defendant outgoing tenants were R and L. P spent £5m on refurbishment after expiry of the lease. P sought to reclaim £4m and interest from the defendants by way of damages for dilapidations and failure to reinstate. "Held": in favour of claimant P but the amount P can now recover is less than its costs. Dilapidations claims have to be reasonable: replacing the cladding rather than repairing it was not reasonable.
590 ## - LOCAL NOTE (RLIN)
Local note KA
650 24 - SUBJECT ADDED ENTRY--TOPICAL TERM
Topical term or geographic name entry element PGF II S.A AND ANOR V ROYAL & SUN ALLIANCE INSURANCE PLC AND ANOR
650 24 - SUBJECT ADDED ENTRY--TOPICAL TERM
Topical term or geographic name entry element LANDLORD AND TENANT ACT 1927 S18(1)
650 24 - SUBJECT ADDED ENTRY--TOPICAL TERM
Topical term or geographic name entry element JOYNER V WEEKS
650 24 - SUBJECT ADDED ENTRY--TOPICAL TERM
Topical term or geographic name entry element RUXLEY ELECTRONICS V FORSYTH
651 #4 - SUBJECT ADDED ENTRY--GEOGRAPHIC NAME
Geographic name England and Wales
Chronological subdivision 1543-
690 ## - LOCAL SUBJECT ADDED ENTRY--TOPICAL TERM (OCLC, RLIN)
Topical term or geographic name as entry element BUILT ENVIRONMENT-BUILDING SURVEYING-DILAPIDATIONS SURVEYING
856 40 - ELECTRONIC LOCATION AND ACCESS
Uniform Resource Identifier <a href="https://www.bailii.org/ew/cases/EWHC/TCC/2010/1459.html">https://www.bailii.org/ew/cases/EWHC/TCC/2010/1459.html</a>
Public note View the law report free of charge at www.bailii.org
942 ## - ADDED ENTRY ELEMENTS (KOHA)
Suppress in OPAC 0
Holdings
Withdrawn status Lost status Source of classification or shelving scheme Damaged status Not for loan Home library Current library Shelving location Date acquired Total Checkouts Full call number Barcode Date last seen Copy number Price effective from Koha item type
    Dewey Decimal Classification     Virtual Virtual Online 09/01/2012   ONLINE PUBLICATION 154648-2001 06/08/2019 1 06/08/2019 Law report